000 01273nam a2200229Ia 4500
003 Ost
005 20260507075112.0
008 260507s9999||||xx |||||||||||||| ||und||
020 _a2237294977
040 _cfsecg
041 _aara
082 _a300
100 _aباهي، مصطفي حسين
_eمؤلف
245 0 _aالتحليل العاملي :
_bالنظرية-التطبيق /
_c مصطفي حسين باهي
260 _aالقاهرة:
_bمركز الكتاب للنشر,
_c2002
300 _a191 صفحة؛
_bإيضاحات ؛
_c24 سم
504 _aببليوغرافيا:ص.191؛كشاف المصطلحات:ص.153-189
520 _aمفهوم التحليل العاملي،بعض النظريات التي تفسر التحليل العاملي،العينة المستخدمة في التحليل العاملي،القيم المقدرة للعوامل،التحليل العاملي مقابل التحليل العنقودي والتحليل المتعدد،القوانين القائمة على أساس الجذر الكامن لاختيار عدد من العوامل
653 _aالإحصاء - المعاملات الإرتباطية
700 _aعنان، محمود عبد الفتاح
_eمؤلف ثانوي
942 _cكتاب
999 _c42929
_d42929